000 00282nam a2200121 a 4500
008 110107s1974|||| d
100 1 _aLenin, V.I.
245 1 0 _aKrok vpred, Dva kroky nazad
260 _bPravda
_aBratislava
_c1974
020 _c7
041 _aslo
044 _axo
_cSK
999 _c15571
_d15571